[Event "Trophee Roza Lallemand Online"]
[Site "Tornelo INT"]
[Date "2020.12.13"]
[Round "4"]
[White "Eric Andriana, Fitia"]
[Black "Blanquet, Camille"]
[Result "0-1"]
[WhiteElo "1401"]
[BlackElo "1903"]
[PlyCount "116"]
[EventDate "2020.12.13"]
[EventType "swiss (rapid)"]
[EventRounds "9"]
[EventCountry "USA"]
[SourceTitle "EXT 2022"]
[Source "ChessBase"]
[SourceDate "2021.10.06"]
[SourceVersion "1"]
[SourceVersionDate "2021.10.06"]
[SourceQuality "1"]

1. e4 c5 2. g3 Nc6 3. Bg2 g6 4. Nc3 Bg7 5. d3 d6 6. Nf3 Nf6 7. 0-0 0-0 8. Be3 Bg4 9. h3 Bd7 10. Ne2 Rb8 11. Qd2 Qc8 12. Kh2 e6 13. g4 Ne7 14. Ng3 Qc7 15. g5 Ne8 16. Rh1 d5 17. e5 Rc8 18. h4 Nf5 19. Bf4 Nd4 20. Rae1 Qb6 21. c3 Nc6 22. h5 Nc7 23. Nh4 Nb5 24. Bh3 a5 25. c4 dxc4 26. dxc4 Nbd4 27. Kg2 a4 28. Nf3 Rcd8 29. hxg6 fxg6 30. Ne4 Nxf3 31. Kxf3 Nxe5+ 32. Kg2 Nxc4 33. Qe2 Nxb2 34. Rb1 Rxf4 35. Nf6+ Bxf6 36. gxf6 a3 37. f3 Rf5 38. Bxf5 exf5 39. Rhe1 Qxf6 40. Qe7 Qxe7 41. Rxe7 Bc6 42. Re5 c4 43. Re2 c3 44. Rc2 Rd3 45. Kf2 Rxf3+ 46. Kg2 Be4 47. Rf2 Rxf2+ 48. Kxf2 Bxb1 49. Ke3 Bxa2 50. Ke2 Bb3 51. Ke3 a2 52. Kf4 a1Q 53. Ke5 c2 54. Kf6 Nd3+ 55. Kg5 c1Q+ 56. Kh4 Qf6+ 57. Kh3 Qh1+ 58. Kg3 Qg5# 0-1

[Event "Trophee Roza Lallemand Online"]
[Site "Tornelo INT"]
[Date "2020.12.13"]
[Round "5"]
[White "Langer, Karele"]
[Black "Eric Andriana, Fitia"]
[Result "0-1"]
[WhiteElo "1323"]
[BlackElo "1401"]
[PlyCount "148"]
[EventDate "2020.12.13"]
[EventType "swiss (rapid)"]
[EventRounds "9"]
[EventCountry "USA"]
[SourceTitle "EXT 2022"]
[Source "ChessBase"]
[SourceDate "2021.10.06"]
[SourceVersion "1"]
[SourceVersionDate "2021.10.06"]
[SourceQuality "1"]

1. d4 d5 2. c4 e6 3. Nc3 Nf6 4. Bg5 Be7 5. e3 b6 6. Nf3 Bb7 7. Bd3 Nbd7 8. 0-0 Rc8 9. cxd5 Nxd5 10. Bxe7 Nxe7 11. e4 0-0 12. Re1 c5 13. Rc1 Rc7 14. Qc2 Qa8 15. Qe2 Nf6 16. e5 Nfd5 17. Nxd5 Nxd5 18. Qe4 g6 19. Qh4 Nb4 20. Be2 Nxa2 21. Ra1 Nb4 22. Ng5 h5 23. Bf3 Bxf3 24. Nxf3 Nc2 25. Ng5 Nxe1 26. Rxe1 Qc8 27. g4 cxd4 28. gxh5 Rc1 29. Rxc1 Qxc1+ 30. Kg2 Qc6+ 31. Kh3 Qd7 32. h6 f5 33. h7+ Kh8 34. Kg2 d3 35. Nf3 d2 36. Nxd2 Qxh7 37. Qg5 Rg8 38. Kf1 Qb7 39. Qh4+ Qh7 40. Qf6+ Qg7 41. Qh4+ Qh7 42. Qf6+ Rg7 43. Qxe6 Qh3+ 44. Ke2 Kh7 45. Nf3 Qg4 46. Qc6 Qe4+ 47. Qxe4 fxe4 48. Nd2 Re7 49. Nxe4 Rxe5 50. f3 Kh6 51. Kf2 Kh5 52. Kg3 a5 53. h4 Kh6 54. Kf4 Re8 55. Kg4 b5 56. Nf6 Rf8 57. Ne4 b4 58. Ng3 a4 59. f4 a3 60. bxa3 bxa3 61. Ne2 a2 62. Nc3 a1Q 63. Ne4 Qg1+ 64. Ng3 Qd1+ 65. Kh3 Rxf4 66. Kh2 Rf2+ 67. Kh3 Qh1+ 68. Kg4 Qc6 69. Kh3 Qc3 70. Kg4 Rf3 71. Kh3 Rxg3+ 72. Kh2 Rd3 73. Kg2 Rd2+ 74. Kf1 Qc1# 0-1

[Event "Trophee Roza Lallemand Online"]
[Site "Tornelo INT"]
[Date "2020.12.13"]
[Round "3"]
[White "Loppin, Tya"]
[Black "Eric Andriana, Fitia"]
[Result "0-1"]
[WhiteElo "1061"]
[BlackElo "1401"]
[PlyCount "62"]
[EventDate "2020.12.13"]
[EventType "swiss (rapid)"]
[EventRounds "9"]
[EventCountry "USA"]
[SourceTitle "EXT 2022"]
[Source "ChessBase"]
[SourceDate "2021.10.06"]
[SourceVersion "1"]
[SourceVersionDate "2021.10.06"]
[SourceQuality "1"]

1. d4 d5 2. Nf3 Nf6 3. e3 e6 4. Ke2 Bd7 5. Ke1 c5 6. Be2 Nc6 7. Nbd2 Rc8 8. b3 Qb6 9. dxc5 Bxc5 10. Bb2 Be7 11. c4 0-0 12. cxd5 Nxd5 13. Nc4 Bb4+ 14. Nfd2 Qd8 15. Bd3 b5 16. Qh5 h6 17. Qg4 Nf6 18. Bxf6 Qxf6 19. Bb1 bxc4 20. Qe4 Bxd2+ 21. Kxd2 g6 22. Bc2 c3+ 23. Ke2 Nb4 24. Rhd1 Bb5+ 25. Ke1 Rfd8 26. Rxd8+ Qxd8 27. Rd1 Nxc2+ 28. Qxc2 Qf6 29. Qb2 cxb2 30. Ra1 bxa1Q+ 31. Kd2 Qfb2# 0-1

[Event "FRA-ch Blitz Online Qual"]
[Site "Europe Echecs INT"]
[Date "2020.05.16"]
[Round "3"]
[White "Azymah, Remy"]
[Black "Eric Andriana, Fitia"]
[Result "1-0"]
[WhiteElo "1934"]
[BlackElo "1401"]
[PlyCount "55"]
[EventDate "2020.05.16"]
[EventType "swiss (blitz)"]
[EventRounds "15"]
[EventCountry "FRA"]
[SourceTitle "CBM 196 Extra"]
[Source "ChessBase"]
[SourceDate "2020.07.31"]
[SourceVersion "1"]
[SourceVersionDate "2020.07.31"]
[SourceQuality "1"]

1. e4 e5 2. f4 d6 3. Nf3 Nc6 4. Nc3 b6 5. Bc4 h6 6. f5 Bb7 7. a3 Nge7 8. d3 Qd7 9. Be3 Ng8 10. Qd2 Nf6 11. h3 0-0-0 12. 0-0 g5 13. fxg6 fxg6 14. Nxe5 Nxe5 15. Rxf6 Be7 16. Rf2 Rdg8 17. Bd5 Bxd5 18. Nxd5 g5 19. Raf1 g4 20. hxg4 Nxg4 21. Rf7 Nxe3 22. Qxe3 Bg5 23. Qf2 Qe8 24. Rxc7+ Kb8 25. Qf7 Qd8 26. Rb7+ Ka8 27. Rxa7+ Kb8 28. Qb7# 1-0

[Event "FRA-ch Blitz Online Qual"]
[Site "Europe Echecs INT"]
[Date "2020.05.16"]
[Round "6"]
[White "Eric Andriana, Fitia"]
[Black "L`Heritier, Boris"]
[Result "1-0"]
[WhiteElo "1401"]
[BlackElo "1763"]
[PlyCount "133"]
[EventDate "2020.05.16"]
[EventType "swiss (blitz)"]
[EventRounds "15"]
[EventCountry "FRA"]
[SourceTitle "CBM 196 Extra"]
[Source "ChessBase"]
[SourceDate "2020.07.31"]
[SourceVersion "1"]
[SourceVersionDate "2020.07.31"]
[SourceQuality "1"]

1. e4 g6 2. d3 Bg7 3. f4 c6 4. Nf3 d5 5. e5 Bg4 6. Be2 Nh6 7. h3 Bxf3 8. Bxf3 e6 9. Bd2 c5 10. Nc3 a6 11. Qe2 0-0 12. 0-0-0 b5 13. Rdg1 Nf5 14. g4 Nd4 15. Qf2 Nxf3 16. Qxf3 Nd7 17. h4 b4 18. Ne2 f6 19. exf6 Bxf6 20. h5 g5 21. Qg3 Qc7 22. Qg2 h6 23. fxg5 Bxg5 24. Bxg5 hxg5 25. h6 c4 26. h7+ Kh8 27. dxc4 Qxc4 28. b3 Qc5 29. Qh2 Rf2 30. Rg2 Qe3+ 31. Kb2 Rxg2 32. Qxg2 Rc8 33. Re1 Nb6 34. Qf1 Qe4 35. Ng3 Qd4+ 36. Kb1 Qc3 37. Rc1 d4 38. Nh5 d3 39. Qf6+ Qxf6 40. Nxf6 d2 41. Rd1 Kg7 42. Nh5+ Kxh7 43. Rxd2 Kg6 44. Re2 Kf7 45. Re5 Ke7 46. Rxg5 Nd5 47. Rg7+ Kf8 48. Rg5 Ne3 49. Re5 Nxc2 50. Rxe6 Nd4 51. Rxa6 Nf3 52. Rf6+ Ke7 53. Rxf3 Rg8 54. Rf4 Ke6 55. Rxb4 Kd6 56. Kc2 Kc5 57. Rf4 Kd5 58. a4 Ke5 59. a5 Rc8+ 60. Kb2 Ra8 61. b4 Rb8 62. Ka3 Rd8 63. Rf3 Rg8 64. Nf6 Rg7 65. Rf5+ Ke6 66. b5 Rf7 67. b6 1-0

[Event "FRA-ch Blitz Online Qual"]
[Site "Europe Echecs INT"]
[Date "2020.05.16"]
[Round "14"]
[White "Ibrouchene, Christophe"]
[Black "Eric Andriana, Fitia"]
[Result "1-0"]
[WhiteElo "1797"]
[BlackElo "1401"]
[PlyCount "59"]
[EventDate "2020.05.16"]
[EventType "swiss (blitz)"]
[EventRounds "15"]
[EventCountry "FRA"]
[SourceTitle "CBM 196 Extra"]
[Source "ChessBase"]
[SourceDate "2020.07.31"]
[SourceVersion "1"]
[SourceVersionDate "2020.07.31"]
[SourceQuality "1"]

1. e4 e5 2. Bc4 Nc6 3. f4 d6 4. Nf3 Bg4 5. Bb5 Nf6 6. Nc3 Be7 7. d3 a6 8. Bxc6+ bxc6 9. fxe5 Bxf3 10. Qxf3 dxe5 11. Be3 0-0 12. 0-0 c5 13. b3 c6 14. Na4 Qa5 15. Nb2 Nd7 16. Nc4 Qc7 17. Qg4 Nf6 18. Qf5 Nd7 19. Rf3 a5 20. a4 Bf6 21. Raf1 Nb8 22. Bxc5 Re8 23. Rh3 h6 24. Qg4 Na6 25. Be3 Nb4 26. Rxf6 Nxc2 27. Bxh6 Qa7+ 28. Kh1 g6 29. Qh4 Rad8 30. Bg7 1-0

[Event "FRA-ch Blitz Online Qual"]
[Site "Europe Echecs INT"]
[Date "2020.05.16"]
[Round "11"]
[White "Perez Marco, Ricardo"]
[Black "Eric Andriana, Fitia"]
[Result "1-0"]
[WhiteElo "2064"]
[BlackElo "1401"]
[PlyCount "65"]
[EventDate "2020.05.16"]
[EventType "swiss (blitz)"]
[EventRounds "15"]
[EventCountry "FRA"]
[SourceTitle "CBM 196 Extra"]
[Source "ChessBase"]
[SourceDate "2020.07.31"]
[SourceVersion "1"]
[SourceVersionDate "2020.07.31"]
[SourceQuality "1"]

1. e4 e5 2. Nf3 Nc6 3. Bb5 a6 4. Ba4 Nf6 5. Bxc6 dxc6 6. 0-0 Bd6 7. d4 exd4 8. e5 Bxe5 9. Re1 0-0 10. Nxe5 Qd5 11. c4 Qd6 12. Bf4 Bg4 13. Nxg4 Qxf4 14. Nxf6+ Qxf6 15. Qd3 b5 16. Nd2 c5 17. cxb5 axb5 18. Qxb5 Qd6 19. Nc4 Qf6 20. Qxc5 Ra6 21. Ne5 Rfa8 22. Qxd4 Ra5 23. b4 Rb5 24. a3 Re8 25. f4 Rb6 26. Qd7 Rbe6 27. Qxc7 Qg6 28. Nxg6 Rxe1+ 29. Rxe1 Rxe1+ 30. Kf2 Re8 31. Ne5 f6 32. Qf7+ Kh8 33. Qxe8# 1-0

[Event "St Denis Brule op"]
[Site "St Denis"]
[Date "2020.03.11"]
[Round "5"]
[White "Eric Andriana, Fitia"]
[Black "Fondrat, Johan"]
[Result "1/2-1/2"]
[WhiteElo "1373"]
[BlackElo "1497"]
[PlyCount "53"]
[EventDate "2020.03.11"]
[EventType "swiss"]
[EventRounds "5"]
[EventCountry "RUF"]
[SourceTitle "CBM 195 Extra"]
[Source "ChessBase"]
[SourceDate "2020.05.31"]
[SourceVersion "1"]
[SourceVersionDate "2020.05.31"]
[SourceQuality "1"]

1. e4 c5 2. d3 Nc6 3. g3 Nf6 4. Bg2 d5 5. exd5 Nxd5 6. Ne2 g6 7. Nbc3 Nxc3 8. Nxc3 Bg7 9. 0-0 0-0 10. Be3 Nd4 11. Qd2 Rb8 12. Rab1 Bg4 13. f4 Qd7 14. Ne4 b6 15. Kh1 Bh3 16. Rf2 Bxg2+ 17. Kxg2 Nf5 18. c3 Rfd8 19. Rd1 c4 20. Rf3 Qxd3 21. Qxd3 Rxd3 22. Rxd3 cxd3 23. Nf2 Nxe3+ 24. Rxe3 Rb7 25. Rxd3 f5 26. Nd1 e5 27. fxe5 1/2-1/2

[Event "St Denis op 21st"]
[Site "St Denis"]
[Date "2019.10.20"]
[Round "4"]
[White "Eric Andriana, Fitia"]
[Black "Bosi Lagarde, Arthur"]
[Result "1-0"]
[WhiteElo "1325"]
[BlackElo "1100"]
[PlyCount "61"]
[EventDate "2019.10.20"]
[EventType "swiss"]
[EventRounds "9"]
[EventCountry "RUF"]
[SourceTitle "CBM 192 Extra"]
[Source "Chessbase"]
[SourceDate "2019.11.06"]
[SourceVersion "1"]
[SourceVersionDate "2019.11.06"]
[SourceQuality "1"]

1. e4 e6 2. d4 b6 3. Nf3 Bb7 4. Nc3 Bb4 5. Bd3 Nf6 6. Qe2 Bxc3+ 7. bxc3 d6 8. 0-0 0-0 9. Bg5 Nbd7 10. Rfe1 e5 11. Rad1 h6 12. Bh4 c5 13. dxe5 dxe5 14. Bb5 Qc8 15. Bxd7 Nxd7 16. Qd3 Bc6 17. Qd6 Re8 18. Be7 Ba4 19. Rd2 Qc6 20. Qxc6 Bxc6 21. Bh4 f6 22. Rd6 Ba4 23. Nd2 Rad8 24. Nc4 Bxc2 25. Re2 Bd3 26. Rxd3 Nb8 27. Red2 Nc6 28. Rxd8 Nxd8 29. Nd6 Re7 30. Nc8 Re8 31. Nxa7 1-0

[Event "St Denis op 21st"]
[Site "St Denis"]
[Date "2019.10.20"]
[Round "8"]
[White "Eric Andriana, Fitia"]
[Black "Cavillot Delestage, Raphael"]
[Result "1-0"]
[WhiteElo "1325"]
[BlackElo "1056"]
[PlyCount "85"]
[EventDate "2019.10.20"]
[EventType "swiss"]
[EventRounds "9"]
[EventCountry "RUF"]
[SourceTitle "CBM 192 Extra"]
[Source "Chessbase"]
[SourceDate "2019.11.06"]
[SourceVersion "1"]
[SourceVersionDate "2019.11.06"]
[SourceQuality "1"]

1. e4 e5 2. Nf3 Nc6 3. Bc4 Bc5 4. c3 Nf6 5. d3 d6 6. 0-0 Bg4 7. Nbd2 Ne7 8. Re1 Ng6 9. h3 Be6 10. Bb3 Nf4 11. Bxe6 fxe6 12. Nf1 0-0 13. d4 exd4 14. cxd4 Bb4 15. Bxf4 Bxe1 16. Qxe1 d5 17. e5 Ne4 18. Qe3 Rf7 19. Ng3 Qf8 20. Nxe4 Rxf4 21. Neg5 Re8 22. g3 Rf5 23. Nh4 h6 24. Nxf5 hxg5 25. Qxg5 exf5 26. Rc1 c6 27. Rc3 Qf7 28. Rf3 g6 29. g4 Rf8 30. gxf5 Qg7 31. f6 Qh7 32. Rg3 Kf7 33. Qg4 Rd8 34. Rf3 Kg8 35. e6 Rf8 36. f7+ Kg7 37. e7 Rxf7 38. e8Q Rxf3 39. Qxf3 Kh6 40. Qef8+ Qg7 41. Q3f4+ g5 42. Q4f6+ Kh5 43. Q6xg7 1-0

[Event "St Denis op 21st"]
[Site "St Denis"]
[Date "2019.10.20"]
[Round "7"]
[White "Fondrat, Thierry"]
[Black "Eric Andriana, Fitia"]
[Result "0-1"]
[WhiteElo "1358"]
[BlackElo "1325"]
[PlyCount "60"]
[EventDate "2019.10.20"]
[EventType "swiss"]
[EventRounds "9"]
[EventCountry "RUF"]
[SourceTitle "EXT 2021"]
[Source "ChessBase"]
[SourceDate "2020.10.23"]
[SourceVersion "1"]
[SourceVersionDate "2020.10.23"]
[SourceQuality "1"]

1. d4 d5 2. c4 e6 3. Nc3 Nf6 4. Nf3 b6 5. cxd5 exd5 6. g3 Be7 7. Bg2 0-0 8. 0-0 Nc6 9. a3 a5 10. Qc2 Bb7 11. Rd1 Rb8 12. h4 Bd6 13. Bg5 h6 14. Bxf6 Qxf6 15. Nxd5 Qd8 16. e4 Ne7 17. Nc3 Ng6 18. e5 Be7 19. Rac1 Qd7 20. d5 Rbd8 21. e6 Qe8 22. h5 Nh8 23. g4 fxe6 24. dxe6 Bxf3 25. Bf1 Bxd1 26. Rxd1 Rxd1 27. Qxd1 Bc5 28. Bc4 Bxf2+ 29. Kh1 Qc6+ 30. Kh2 Qxc4 0-1

[Event "St Denis op 21st"]
[Site "St Denis"]
[Date "2019.10.20"]
[Round "1"]
[White "Hamon, Christian"]
[Black "Eric Andriana, Fitia"]
[Result "1-0"]
[WhiteElo "2001"]
[BlackElo "1325"]
[PlyCount "75"]
[EventDate "2019.10.20"]
[EventType "swiss"]
[EventRounds "9"]
[EventCountry "RUF"]
[SourceTitle "CBM 192 Extra"]
[Source "Chessbase"]
[SourceDate "2019.11.06"]
[SourceVersion "1"]
[SourceVersionDate "2019.11.06"]
[SourceQuality "1"]

1. Nf3 Nc6 2. d4 d5 3. g3 Nf6 4. Bg2 e6 5. 0-0 Bd6 6. c4 b6 7. Nc3 0-0 8. cxd5 exd5 9. Bg5 Be7 10. Bxf6 Bxf6 11. Nxd5 Qxd5 12. Ne5 Qd6 13. Nxc6 Ba6 14. Re1 Bb5 15. Rc1 Rfe8 16. a4 Ba6 17. e4 Bg5 18. f4 Bh6 19. e5 Qf8 20. b4 Kh8 21. Qc2 Bb7 22. Qc4 g5 23. f5 g4 24. Rcd1 Qg8 25. f6 Bf8 26. Bd5 Qg5 27. Bxf7 Bxc6 28. Qxc6 Red8 29. Qc4 c5 30. bxc5 Bxc5 31. Bd5 Rac8 32. dxc5 Rxc5 33. Qe4 h5 34. f7 Kg7 35. Rd3 Kf8 36. Red1 h4 37. Qf4 Qe7 38. Qh6# 1-0

[Event "Reunion op 20th"]
[Site "St Denis"]
[Date "2018.10.20"]
[Round "8"]
[White "Eric Andriana, Fitia"]
[Black "Leost, Joel"]
[Result "1-0"]
[WhiteElo "1186"]
[BlackElo "1350"]
[PlyCount "83"]
[EventDate "2018.10.14"]
[EventType "swiss"]
[EventRounds "9"]
[EventCountry "RUF"]
[SourceTitle "CBM 187 Extra"]
[Source "ChessBase"]
[SourceDate "2018.11.04"]
[SourceVersion "1"]
[SourceVersionDate "2018.11.04"]
[SourceQuality "1"]

1. e4 c5 2. Nc3 d6 3. g3 Nc6 4. Bg2 Rb8 5. Nge2 a6 6. d4 cxd4 7. Nxd4 e6 8. Be3 Qc7 9. f4 g6 10. Rb1 Bg7 11. 0-0 Nge7 12. Nxc6 bxc6 13. Qd2 0-0 14. Rfd1 Rd8 15. e5 d5 16. Bc5 Qb7 17. Bd6 Ra8 18. Na4 Nf5 19. Bb4 Bf8 20. Bxf8 Rxf8 21. Kh1 Qc7 22. Qc3 Ne7 23. g4 a5 24. Rg1 Rb8 25. a3 Ba6 26. f5 Rbd8 27. f6 Nc8 28. Qd2 Qxe5 29. Rgf1 Bxf1 30. Rxf1 Kh8 31. Qh6 Rg8 32. Qd2 Qc7 33. Nc5 Nd6 34. Nb3 Nc4 35. Qc3 Rb8 36. Nc5 Rxb2 37. Nxe6 Qb8 38. Ng5 Qb7 39. Nxh7 Rb1 40. Ng5 Rxf1+ 41. Bxf1 Ra8 42. Qh3+ 1-0

[Event "Reunion op 19th"]
[Site "St Denis"]
[Date "2017.10.20"]
[Round "6"]
[White "Juillien, Thibault"]
[Black "Eric Andriana, Fitia"]
[Result "0-1"]
[WhiteElo "1099"]
[BlackElo "1156"]
[PlyCount "62"]
[EventDate "2017.10.16"]
[EventType "swiss"]
[EventRounds "7"]
[EventCountry "RUF"]
[SourceTitle "CBM 181 Extra"]
[Source "ChessBase"]
[SourceDate "2017.12.12"]
[SourceVersion "1"]
[SourceVersionDate "2017.12.12"]
[SourceQuality "1"]

1. c4 e5 2. g3 Nc6 3. Bg2 Nf6 4. a3 Be7 5. d3 d5 6. cxd5 Nxd5 7. Nf3 Nf6 8. 0-0 0-0 9. Nc3 Bg4 10. Re1 Bc5 11. Bd2 Re8 12. b4 Bb6 13. Ng5 h6 14. Nge4 a6 15. Nxf6+ Qxf6 16. b5 Bxf2+ 17. Kh1 Bxe1 18. Qxe1 axb5 19. Nxb5 Rac8 20. e4 Red8 21. Qf1 Qxf1+ 22. Bxf1 Nd4 23. Nxd4 Rxd4 24. Bc3 Ra4 25. Bxe5 c5 26. Bb2 Be6 27. Bg2 c4 28. dxc4 Rcxc4 29. e5 b5 30. Bf1 Rc5 31. Bd4 Rxd4 0-1

[Event "Reunion op 19th"]
[Site "St Denis"]
[Date "2017.10.19"]
[Round "5"]
[White "Eric Andriana, Fitia"]
[Black "Duprey, Francois Xavier"]
[Result "0-1"]
[WhiteElo "1156"]
[BlackElo "1614"]
[PlyCount "84"]
[EventDate "2017.10.16"]
[EventType "swiss"]
[EventRounds "7"]
[EventCountry "RUF"]
[SourceTitle "CBM 181 Extra"]
[Source "ChessBase"]
[SourceDate "2017.12.12"]
[SourceVersion "1"]
[SourceVersionDate "2017.12.12"]
[SourceQuality "1"]

1. e4 d5 2. exd5 Qxd5 3. Nc3 Qa5 4. Nf3 Nf6 5. Bc4 c6 6. 0-0 Bf5 7. d4 b5 8. Bd3 Bxd3 9. Qxd3 b4 10. Ne2 e6 11. Bd2 Be7 12. c3 bxc3 13. Bxc3 Qb6 14. b3 0-0 15. Rac1 Nbd7 16. Bb2 Rfd8 17. Qc2 Rac8 18. Rfd1 Nd5 19. Bc3 Ba3 20. Rb1 c5 21. Qd3 Nxc3 22. Nxc3 cxd4 23. Nxd4 Nf6 24. Na4 Qb8 25. Qe2 Be7 26. Nf3 Nd5 27. Qe4 Nf6 28. Qe1 Nd5 29. Qe4 Qa8 30. Re1 Bf6 31. b4 Qc6 32. Nc5 Qb6 33. Rb3 Be7 34. Rc1 a5 35. bxa5 Qxa5 36. Nd3 Qxa2 37. Nd4 Bf6 38. Rb5 Nc3 39. Rxc3 Rxc3 40. Rb2 Qxb2 41. Nxe6 Qb1+ 42. Ne1 Qxe4 0-1

[Event "Reunion op 19th"]
[Site "St Denis"]
[Date "2017.10.17"]
[Round "2"]
[White "Eric Andriana, Fitia"]
[Black "Mohamed, Keziah"]
[Result "1-0"]
[WhiteElo "1156"]
[BlackElo "1060"]
[PlyCount "101"]
[EventDate "2017.10.16"]
[EventType "swiss"]
[EventRounds "7"]
[EventCountry "RUF"]
[SourceTitle "CBM 181 Extra"]
[Source "ChessBase"]
[SourceDate "2017.12.12"]
[SourceVersion "1"]
[SourceVersionDate "2017.12.12"]
[SourceQuality "1"]

1. e4 e5 2. Nf3 Nc6 3. Bc4 Nf6 4. Ng5 d5 5. exd5 Nxd5 6. Nxf7 Kxf7 7. Qf3+ Ke6 8. Nc3 Ncb4 9. 0-0 c6 10. Bb3 Bc5 11. a3 Na6 12. Re1 Qd6 13. d3 Rf8 14. Qe4 Bxf2+ 15. Kh1 Bxe1 16. Qg4+ Ke7 17. Nxd5+ cxd5 18. Qxg7+ Rf7 19. Bg5+ Ke8 20. Qg8+ Qf8 21. Qxf8+ Kxf8 22. Rxe1 d4 23. Bxf7 Kxf7 24. Rf1+ Kg6 25. Bf6 Nc5 26. Bxe5 Ne6 27. g4 b5 28. h4 Bb7+ 29. Kh2 h5 30. Rf6+ Kg7 31. Rxe6+ Kf7 32. Rf6+ Kg7 33. Rb6+ Kf7 34. Rxb7+ Ke6 35. Bxd4 a6 36. gxh5 Rd8 37. Bc3 Kf5 38. h6 Kg6 39. h7 Kh5 40. h8Q+ Rxh8 41. Bxh8 Kxh4 42. Ra7 Kg4 43. Rxa6 Kf4 44. Re6 Kf5 45. Re1 Kf4 46. d4 Kf3 47. d5 Kf2 48. Re8 Kf3 49. d6 Kf4 50. d7 Kf3 51. d8Q 1-0

[Event "Reunion op 18th"]
[Site "St Denis"]
[Date "2016.10.14"]
[Round "7"]
[White "Eric Andriana, Fitia"]
[Black "Etheve, Lionel"]
[Result "0-1"]
[WhiteElo "1156"]
[BlackElo "1494"]
[PlyCount "96"]
[EventDate "2016.10.10"]
[EventType "swiss"]
[EventRounds "7"]
[EventCountry "RUF"]
[SourceTitle "CBM 175 Extra"]
[Source "ChessBase"]
[SourceDate "2016.12.12"]
[SourceVersion "1"]
[SourceVersionDate "2016.12.12"]
[SourceQuality "1"]

1. e4 e6 2. d4 d5 3. e5 c5 4. c3 Nc6 5. Nf3 cxd4 6. cxd4 Bb4+ 7. Bd2 Bxd2+ 8. Nbxd2 Nge7 9. g3 Qb6 10. Nb3 Bd7 11. Bg2 Na5 12. 0-0 Nxb3 13. Qxb3 Qxb3 14. axb3 a6 15. Rac1 Bc6 16. Nd2 Nf5 17. Nf3 0-0 18. b4 Rfc8 19. Bh3 Ne7 20. Nd2 Bb5 21. Rxc8+ Rxc8 22. f4 Rc2 23. Nf3 Rxb2 24. Rc1 Bc4 25. Bf1 Rxb4 26. h4 g6 27. g4 Bxf1 28. Kxf1 Nc6 29. Rd1 a5 30. Ke2 Rb2+ 31. Ke3 a4 32. Ra1 Rb3+ 33. Ke2 a3 34. Nd2 Nxd4+ 35. Kd1 Rh3 36. f5 Rh1+ 37. Nf1 Rxf1+ 38. Kd2 Rxa1 39. Kc3 Nb5+ 40. Kb3 exf5 41. gxf5 gxf5 42. Kb4 a2 43. Kb3 Nc3 44. Kb2 Rb1+ 45. Kxc3 a1Q+ 46. Kd3 Rb3+ 47. Kd2 Qa2+ 48. Kc1 Rb1# 0-1